[Event "Titled Tuesday intern op 7th July"]
[Site "Chess.com INT"]
[Date "2020.07.07"]
[Round "6"]
[White "Manush, Shah"]
[Black "Donatti, Alvaro"]
[Result "1/2-1/2"]
[WhiteElo "2324"]
[BlackElo "2193"]
[PlyCount "69"]
[EventDate "2020.07.07"]
[EventType "swiss (blitz)"]
[EventRounds "10"]
[EventCountry "USA"]
[SourceTitle "CBM 197 Extra"]
[Source "ChessBase"]
[SourceDate "2020.09.30"]
[SourceVersion "1"]
[SourceVersionDate "2020.09.30"]
[SourceQuality "1"]

1. d4 Nf6 2. c4 g6 3. g3 d5 4. Bg2 Bg7 5. Nf3 0-0 6. 0-0 c6 7. b3 Bg4 8. Ne5 Be6 9. Bb2 Nbd7 10. cxd5 Bxd5 11. Nf3 Nb6 12. Nc3 Rc8 13. Nxd5 cxd5 14. Ne5 e6 15. Qd3 Nbd7 16. Rac1 Nxe5 17. dxe5 Nd7 18. f4 Qa5 19. a4 Rc6 20. e4 Nb6 21. exd5 Nxd5 22. Bxd5 exd5 23. Rfd1 Rxc1 24. Bxc1 Rc8 25. Ba3 Bf8 26. Bxf8 Kxf8 27. Qxd5 Qb6+ 28. Kg2 Rc2+ 29. Kh3 Qf2 30. Qd8+ Kg7 31. Qf6+ Kh6 32. Qh4+ Kg7 33. Qf6+ Kh6 34. Qg5+ Kg7 35. Qf6+ 1/2-1/2